00507cam a2200169 a 450000100100000000500170001000800410002702000150006804000230008308200180010610000310012424500580015526000440021330000210025765000240027865000350030200001006020200929161826.0881011s1986 sp 000 p spa  a843987801X aDO-SdBNPcDLCdDLC a861.64bG216p1 aGarcía Fuentes, Antonio.10aPensando en... Andalucia /cAntonio García Fuentes. aJean, España :bElinga Libros,c1986. a153 p. ;c22 cm. 4aPoesía española 4aLiteratura españolySIGLO XX